Mobile Computing (Record no. 8951)

MARC details
000 -LEADER
fixed length control field 00416nam a2200169Ia 4500
008 - FIXED-LENGTH DATA ELEMENTS--GENERAL INFORMATION
fixed length control field 221030s9999 xx 000 0 und d
020 ## - INTERNATIONAL STANDARD BOOK NUMBER
ISBN 8189757588
041 ## - LANGUAGE CODE
Language code of text/sound track or separate title
082 ## - DEWEY DECIMAL CLASSIFICATION NUMBER
Classification number 105.23
100 ## - MAIN ENTRY--AUTHOR NAME
Personal name V. Sharma
245 #0 - TITLE STATEMENT
Title Mobile Computing
Statement of responsibility, etc by V. Sharma, S. P. S. Chauhan
260 ## - PUBLICATION, DISTRIBUTION, ETC. (IMPRINT)
Name of publisher S. K. Kataria & Sons
Place of publication New Delhi
Year of publication 2009
300 ## - PHYSICAL DESCRIPTION
Number of Pages 308
650 ## - SUBJECT ADDED ENTRY--TOPICAL TERM
Topical Term IT
700 ## - ADDED ENTRY--PERSONAL NAME
Personal name S. P. S. Chauhan
942 ## - ADDED ENTRY ELEMENTS (KOHA)
Koha item type Books
Holdings
Accession Number Cost, normal purchase price Bill Date Full call number Source of acquisition Price effective from Koha item type Withdrawn / writtenoff status Materials specified (bound volume or other part) Damaged status Not for loan Permanent Location Current Location Shelving location Date acquired Lost/ Missing status department
BE 10582 165.00 161 105.23 Durga Books, Amritsar 10/30/2022 Books   Print   Not For Loan MIET Library, Jammu MIET Library, Jammu BL-Academic Block B, FL-1, CUP-116, SH-1, R-1 03/10/2010   BE
BE 10583 165.00 161 105.23 Durga Books, Amritsar 10/30/2022 Books   Print     MIET Library, Jammu MIET Library, Jammu BL-Academic Block C, FL-2, CUP-151, SH-5, R-5 03/10/2010   BE